000 00568nam a2200217 a 4500
001 BRCA_8159
005 20190320210146.0
008 020514s1960----sz-a###f##---#000-0#eng-#
041 _aeng-ger
044 _asz
050 4 _aTS542
_b.C38
245 1 0 _aCatálogo de relojes
_b19. jahrgang.
260 _aZúrich
_c[1960]
300 _a1 v.
_bil.
_c16 cm.
440 0 _aWeekly Bulletin
_n29
_920333
500 _aCatálogo inventariado como libro por el Banco de México
500 _aX58
650 1 4 _aRelojes
_vCatálogo
_920334
902 _aGFM
942 _2lcc
_cB
999 _c7827
_d7827